Central Library OPAC University of Rajshahi

The five laws of library science / (Record no. 358)

MARC details
000 -LEADER
fixed length control field 01036cam a22003012 4500
001 - CONTROL NUMBER
control field 358
003 - CONTROL NUMBER IDENTIFIER
rucl marc code UkOxU
005 - DATE AND TIME OF LATEST TRANSACTION
control field 20211208233150.0
008 - FIXED-LENGTH DATA ELEMENTS--GENERAL INFORMATION
fixed length control field 131117r19631931ii b 001 0 eng u
035 ## - SYSTEM CONTROL NUMBER
System control number (BD-RjUL)375
040 ## - CATALOGING SOURCE
Original cataloging agency OCL
Transcribing agency YNG
Modifying agency OCL
-- EQO
-- BD-RjUL
Language of cataloging eng
041 ## - LANGUAGE CODE
Language code of text/sound track or separate title eng
082 04 - DEWEY DECIMAL CLASSIFICATION NUMBER
Edition number 21
Classification number 020
Author mark and year RAF 1963
100 1# - MAIN ENTRY--PERSONAL NAME
Personal name Ranganathan, S. R.
Fuller form of name (Shiyali Ramamrita),
Dates associated with a name 1892-1972.
9 (RLIN) 1121
245 14 - TITLE STATEMENT
Title The five laws of library science /
Statement of responsibility, etc. S. R. Ranganathan.
250 ## - EDITION STATEMENT
Edition statement 2nd ed.
260 ## - PUBLICATION, DISTRIBUTION, ETC. (IMPRINT)
Place of publication, distribution, etc. Madras :
Name of publisher, distributor, etc. The Madras Library Association ;
Place of publication, distribution, etc. London :
Name of publisher, distributor, etc. E. Goldston,
Date of publication, distribution, etc. 1963.
300 ## - PHYSICAL DESCRIPTION
Pagination 449 p. ;
Size 22 cm.
490 1# - SERIES STATEMENT
Series statement Raqnganathan series in library science, No.12 ;
Volume/sequential designation 2
500 ## - GENERAL NOTE
General note "Madras library association [Constitution and list of publications]": vi p.
504 ## - BIBLIOGRAPHY, ETC. NOTE
Bibliography, etc Includes bibliographal references and indexs.
526 ## - STUDY PROGRAM INFORMATION NOTE
Requested Dept. Library Science.
650 #0 - SUBJECT ADDED ENTRY--TOPICAL TERM
Topical term or geographic name as entry element Library science.
9 (RLIN) 1143
830 #0 - SERIES ADDED ENTRY--UNIFORM TITLE
Volume number/sequential designation 2
Uniform title Publication series (Madras Library Association) ;
942 ## - ADDED ENTRY ELEMENTS (KOHA)
Source of classification or shelving scheme Dewey Decimal Classification
Koha item type Books
Holdings
Lost status Source of classification or shelving scheme Damaged status Not for loan Collection code Permanent Location Current Location Shelving location Date acquired Source of acquisition Cost, normal purchase price Total Checkouts Full call number Date last seen Copy number Koha item type
  Dewey Decimal Classification     Non-fiction Central Library, University of Rajshahi Central Library, University of Rajshahi   05/04/1967 Euro pale 27.50   020 RAF 1963 17/11/2013 C-3 Books
  Dewey Decimal Classification     Non-fiction Central Library, University of Rajshahi Central Library, University of Rajshahi Newspapers Stack 05/04/1967 Euro pale 27.50   020 RAF 1963 09/05/2016 C-4 Books
  Dewey Decimal Classification   Not For Loan Non-fiction Central Library, University of Rajshahi Central Library, University of Rajshahi Reading Room 18/03/1965 Mirza book,Agency 25.52   020 RAF 1963 03/12/2016 C-1 Books